000 01024nmc a2200325 a 4500
003 AR-BaBNM
005 20251128205923.0
008 108019s1976 ||||||||||||||000 | spa||
040 _cAR-BaBNM
100 1 _aGenta, Jordan B.
245 1 0 _aAcerca de la libertad de enseñar y de la enseñanza de la libertad
_blibre examen y comunismo : guerra contrarrevolucionaria
260 _aBuenos Aires
_bDictio
_c1976
300 0 _a590 p.
_bláms.
490 0 _aBiblioteca del pensamiento nacionalista argentino
650 4 _aNACIONALISMO CULTURAL
650 4 _aIDENTIDAD NACIONAL
650 4 _aESTEREOTIPO NACIONAL
650 4 _aIDEOLOGIAS
650 4 _aPATRIOTISMO
650 4 _aCIENCIAS POLITICAS
650 4 _aCOMUNISMO
650 4 _aIGLESIA
700 1 _aCaponnetto, Mario
_eprologuista
700 1 _aBrie, Roberto J.
_eprologuista
700 1 _aOrdoñez, Víctor Eduardo
_eprologuista
740 0 _aLibre Examen y Comunismo
740 0 _aGuerra Contrarrevolucionaria
942 _cBK
998 _cMariana
999 _c13308
_d13308